Introduction a L´Ethic de l´Evironnement / [por] André Beauchamp

Збережено в:
Бібліографічні деталі
Автор: Beauchamp, André (autor)
Формат: Книга
Серія:Interpelations ; 5
Предмети:
Теги: Додати тег
Немає тегів, Будьте першим, хто поставить тег для цього запису!

MARC

LEADER 00000nam^a2200000^u^4500
001 000537640
005 20250521000000.0
008 060220s1000^^^^^^^^^^^^r^^^^^000^0^spa^d
009 20260310131104.778
035 |a FMI 000003935 
037 |a Acervo Xavier Clavigero 
096 |a 6.5/14/B 
100 |a Beauchamp, André  |e (autor) 
245 1 0 |a Introduction a L´Ethic de l´Evironnement / [por] André Beauchamp 
264 |a Paris : Paulines & Médiaspaul, 1993 
300 |a 223 p. 
336 |a texto  |b txt  |2 rdacontenido 
337 |a sin mediación  |b n  |2 rdamedio 
338 |a volumen  |b nc  |2 rdasoporte 
440 0 |a Interpelations ; 5 
649 |a XX 
650 |a ETICA 
910 |a Fondo Francisco Migoya Covarrubias S.J. 
920 |a Impresos - Libros 
930 |a Fondos Especiales 
905 |a 134 
901 |a SBC19583  |b IT2  |c ESP  |u 20250521 
902 |a https://opac.biblio.iteso.mx/vufind/Record/000537640